Le trasgressioni della carne : il desiderio omosessuale nel mondo islamico e cristiano, secc. XII-XX /

Questo libro affronta, per la prima volta insieme, la lunga storia dei desideri e delle relazioni omoerotiche e omosessuali nel mondo islamico e cristiano dal medioevo alla prima metà del Novecento. Attraverso sette saggi, scritti da alcuni tra i maggiori specialisti a livello internazionale, si rin...

Full description

Saved in:
Bibliographic Details
Other Authors: Grassi, Umberto, (Editor), Marcocci, Giuseppe, (Editor)
Format: Book
Language:Italian
Published: Roma : Viella, febbraio 2015.
Edition:Prima edizione.
Series:Storia. Temi ; 46.
Subjects:
Tags: Add Tag
No Tags, Be the first to tag this record!
LEADER 02427nam a2200397Ii 4500
001 014366193-0
005 20150427225252.0
008 150320e201502 it a b 001 0dita d
020 |a 9788867283064 :  |c 25.00 EUR 
035 0 |a ocn907637961 
035 |a (ItFiC)3028621 
040 |a ItFiC  |c ItFiC  |e rda 
043 |a e------  |a f------  |a a------ 
050 0 0 |a HQ76.3.E8  |b T73 2015 
245 0 3 |a Le trasgressioni della carne :  |b il desiderio omosessuale nel mondo islamico e cristiano, secc. XII-XX /  |c a cura di Umberto Grassi e Giuseppe Marcocci. 
250 |a Prima edizione. 
264 1 |a Roma :  |b Viella,  |c febbraio 2015. 
300 |a 219 pages :  |b illustrations ;  |c 21 cm. 
336 |a text  |b txt  |2 rdacontent 
337 |a unmediated  |b n  |2 rdamedia 
338 |a volume  |b nc  |2 rdacarrier 
490 1 |a La storia. temi ;  |v 46 
504 |a Includes bibliographical references and index. 
520 |a Questo libro affronta, per la prima volta insieme, la lunga storia dei desideri e delle relazioni omoerotiche e omosessuali nel mondo islamico e cristiano dal medioevo alla prima metà del Novecento. Attraverso sette saggi, scritti da alcuni tra i maggiori specialisti a livello internazionale, si rintracciano episodi di vita quotidiana e riflessi letterari degli amori tra persone dello stesso sesso nel passato, ricostruendo al contempo le evoluzioni del generale contesto di controllo e repressione in cui si realizzarono. Al centro del volume non si trova tanto la proposta di una comparazione tra due ambiti storici avvertiti a lungo come in netta contrapposizione tra loro, quanto piuttosto l'ipotesi che proprio le trasgressioni della carne abbiano costituito un inatteso terreno d'incontro e d'interazione tra musulmani e cristiani. Dettero, infatti, corpo a pratiche di tolleranza rimosse e dimenticate, che hanno concorso, tuttavia, a dare forma al complesso mosaico della storia mediterranea.--  |c Provided by Publisher. 
650 0 |a Homosexuality  |z Europe  |x History. 
650 0 |a Homosexuality  |z Islamic countries  |x History. 
650 0 |a Gay erotica  |z Europe  |x History. 
650 0 |a Gay erotica  |z Islamic countries  |x History. 
650 0 |a Erotica  |x Religious aspects  |x Christianity. 
650 0 |a Erotica  |x Religious aspects  |x Islam. 
700 1 |a Grassi, Umberto,  |e editor. 
700 1 |a Marcocci, Giuseppe,  |e editor. 
830 0 |a Storia.  |p Temi ;  |v 46. 
899 |a 415_565857 
988 |a 20150427 
906 |0 VEN